000 00999nam a22003257a 4500
001 BR0602818
003 BR-BrBNA
005 20230928102216.0
007 ta
008 230509b bl.||||| |||| 00| 0 por d
040 _aBR-BrBNA
_bpor
_cBiblioteca Nacional de Agricultura
041 _a(Por)
072 _aL72
_b5240
_b4050
090 _ 5240 BR0602818
100 1 _aMinho, A.P.
110 1 _aCentro de Energia Nuclear na Agricultura, Piracicaba, SP (Brasil)
_0Tese (Doutor em Ciências)
245 1 _aEfeito anti-helmíntico de taninos condensados sobre nematóides gastrintestinais em ovinos
260 3 _aPiracicaba, SP (Brasil):
_c2006.
300 _a168 p.
500 _aSummaries (Eng, Por); Several bibliography; 13 illus.; 13 tables
650 _aOVINO
650 _aNEMATÓIDE
650 _aDIAGNÓSTICO
650 _aANTI-HELMÍNTICO
650 _aCOMPOSTO FENÓLICO
650 _aACÁCIA
650 _aTANINO
909 _a202309
_bLucia
_c55
_dLucia Elande
942 _cBK
999 _c69656
_d69656